00245nam a22000857a 4500008004100000020001400041041000800055080001000063245008600073150521b xxu||||| |||| 00| 0 eng d a0805355800 aeng a618.210aMaternal-newborn nursing :cSally B. Olds, Marcia L. London, Patricia A. Ladewig.